A New book of South African verse in English /

Bibliographic Details
Other Authors: Butler, Guy, 1918-2001, Mann, Chris, 1948-
Format: Book
Language:English
Published: Cape Town : Oxford University Press, 1979.
Subjects:

MARC

Tag First Indicator Second Indicator Subfields
LEADER 00000cam a2200000 i 4500
001 in00000021102
005 20151007060953.0
008 800304s1979 sa b 00100 eng
010 |a  80455056  
015 |a SA*** 
020 |a 0195701410 
035 |a (OCoLC)05922905 
035 |9 AAD0711AM 
040 |a DLC  |c DLC  |d TXA  |d UtOrBLW 
049 |a TXAM  |c [1383716] 
050 0 0 |a PR9365.25  |b .N4 
082 0 |a 821/.008 
245 0 2 |a A New book of South African verse in English /  |c selected and edited by Guy Butler & Chris Mann. 
264 1 |a Cape Town :  |b Oxford University Press,  |c 1979. 
300 |a 315 pages ;  |c 22 cm. 
336 |a text  |b txt  |2 rdacontent 
337 |a unmediated  |b n  |2 rdamedia 
338 |a volume  |b nc  |2 rdacarrier 
500 |a Based on A book of South African verse, compiled by G. Butler. 
500 |a Includes indexes. 
504 |a Bibliography: pages 273-296. 
650 0 |a South African poetry (English) 
700 1 |a Butler, Guy,  |d 1918-2001. 
700 1 |a Mann, Chris,  |d 1948- 
999 |a MARS 
999 f f |s 125910e8-2024-3f59-91d8-63a8fadd064c  |i 9bb160a6-685f-3da3-acfd-d077f71065b9  |t 0 
952 f f |p ric  |a Texas A&M University  |b Rellis Campus  |c Joint Library Facility  |d Remote Storage  |t 0  |e PR9365.25 .N4  |h Library of Congress classification  |i unmediated -- volume  |m A14804023942 
998 f f |a PR9365.25 .N4  |t 0  |l Remote Storage